Статистика туризма учебник
В учебнике представлена современная интегрированная система статистики туризма. Даны базовые понятия, концепции и определения. Раскрыта система показателей статистики туризма. Охарактеризованы методы статистического наблюдения в туризме. Подробно рассмотрен вспомогательный счет туризма. Обобщен пере...
Tallennettuna:
| Päätekijä: | |
|---|---|
| Muut tekijät: | , , |
| Aineistotyyppi: | Книга |
| Kieli: | Russian |
| Julkaistu: |
Москва
Финансовый университет
2014
|
| Linkit: | https://e.lanbook.com/book/152004 https://e.lanbook.com/img/cover/book/152004.jpg |
| Tagit: |
Lisää tagi
Ei tageja, Lisää ensimmäinen tagi!
|
| LEADER | 03033nam0a2200313 i 4500 | ||
|---|---|---|---|
| 001 | 152004 | ||
| 003 | RuSpLAN | ||
| 005 | 20221220174103.0 | ||
| 008 | 221220s2014 ru gs 000 0 rus | ||
| 020 | |a 978-5-4365-0136-9 | ||
| 040 | |a RuSpLAN | ||
| 041 | 0 | |a rus | |
| 044 | |a ru | ||
| 080 | |a 338.48(075.8) | ||
| 084 | |a 65.433я73 |2 rubbk | ||
| 245 | 0 | 0 | |a Статистика туризма |b учебник |c Александрова А. Ю.,Соболева Е. А.,Цапук Д. А.,Новиков В. С. |
| 260 | |a Москва |b Финансовый университет |c 2014 | ||
| 300 | |a 464 с. | ||
| 500 | |a Рекомендовано Федеральным агентством по туризму в качестве учебника для обучения студентов вузов по направлениям подготовки «Туризм», «Гостиничное дело». Рекомендовано УМО учебных заведений Российской Федерации по образованию в области сервиса и туризма в качестве учебника для обучения студентов высших учебных заведений по направлениям подготовки «Туризм», «Гостиничное дело» | ||
| 504 | |a Библиогр.: доступна в карточке книги, на сайте ЭБС Лань | ||
| 520 | 8 | |a В учебнике представлена современная интегрированная система статистики туризма. Даны базовые понятия, концепции и определения. Раскрыта система показателей статистики туризма. Охарактеризованы методы статистического наблюдения в туризме. Подробно рассмотрен вспомогательный счет туризма. Обобщен передовой зарубежный и отечественный опыт статистического измерения туризма. Большое внимание уделяется международным стандартам в области статистики туризма и переходу на них Российской Федерации. Для студентов и преподавателей вузов, а также работников турбизнеса и тур - администраций. | |
| 521 | 8 | |a Книга из коллекции Финансовый университет - Сервис и туризм | |
| 100 | 1 | |a Александрова А. Ю. | |
| 700 | 1 | |a Соболева Е. А. | |
| 700 | 1 | |a Цапук Д. А. | |
| 700 | 1 | |a Новиков В. С. | |
| 856 | 4 | |u https://e.lanbook.com/book/152004 | |
| 856 | 4 | 8 | |u https://e.lanbook.com/img/cover/book/152004.jpg |
| 953 | |a https://e.lanbook.com/img/cover/book/152004.jpg | ||